<?xml version="1.0" encoding="UTF-8"?>
<collection xmlns="http://www.loc.gov/MARC21/slim">
 <record>
  <leader>05787nam a22011171  4500</leader>
  <controlfield tag="001">1/21600</controlfield>
  <controlfield tag="008">020222s1968    enk      e      1   eng d</controlfield>
  <datafield tag="020" ind1=" " ind2=" ">
   <subfield code="a">0824720016(v.1)</subfield>
  </datafield>
  <datafield tag="020" ind1=" " ind2=" ">
   <subfield code="a">0824721098(v.9)</subfield>
  </datafield>
  <datafield tag="020" ind1=" " ind2=" ">
   <subfield code="a">0824721101(v.10)</subfield>
  </datafield>
  <datafield tag="020" ind1=" " ind2=" ">
   <subfield code="a">0824720113(v.11)</subfield>
  </datafield>
  <datafield tag="020" ind1=" " ind2=" ">
   <subfield code="a">0824720121(v.12)</subfield>
  </datafield>
  <datafield tag="020" ind1=" " ind2=" ">
   <subfield code="a">082472013X(v.13)</subfield>
  </datafield>
  <datafield tag="020" ind1=" " ind2=" ">
   <subfield code="a">0824720148(v.14)</subfield>
  </datafield>
  <datafield tag="020" ind1=" " ind2=" ">
   <subfield code="a">0824720156(v.15)</subfield>
  </datafield>
  <datafield tag="020" ind1=" " ind2=" ">
   <subfield code="a">0824720164(v.16)</subfield>
  </datafield>
  <datafield tag="020" ind1=" " ind2=" ">
   <subfield code="a">0824720172(v.17)</subfield>
  </datafield>
  <datafield tag="020" ind1=" " ind2=" ">
   <subfield code="a">0824720180(v.18)</subfield>
  </datafield>
  <datafield tag="020" ind1=" " ind2=" ">
   <subfield code="a">0824720199(v.19)</subfield>
  </datafield>
  <datafield tag="020" ind1=" " ind2=" ">
   <subfield code="a">0824720202(v.20)</subfield>
  </datafield>
  <datafield tag="020" ind1=" " ind2=" ">
   <subfield code="a">0824720210(v.21)</subfield>
  </datafield>
  <datafield tag="020" ind1=" " ind2=" ">
   <subfield code="a">0824720229(v.22)</subfield>
  </datafield>
  <datafield tag="020" ind1=" " ind2=" ">
   <subfield code="a">0824720237(v.23)</subfield>
  </datafield>
  <datafield tag="020" ind1=" " ind2=" ">
   <subfield code="a">0824720245(v.24)</subfield>
  </datafield>
  <datafield tag="020" ind1=" " ind2=" ">
   <subfield code="a">0824720253(v.25)</subfield>
  </datafield>
  <datafield tag="020" ind1=" " ind2=" ">
   <subfield code="a">0824720261(v.26)</subfield>
  </datafield>
  <datafield tag="020" ind1=" " ind2=" ">
   <subfield code="a">082472027X(v.27)</subfield>
  </datafield>
  <datafield tag="020" ind1=" " ind2=" ">
   <subfield code="a">0824720288(v.28)</subfield>
  </datafield>
  <datafield tag="020" ind1=" " ind2=" ">
   <subfield code="a">0824720296(v.29)</subfield>
  </datafield>
  <datafield tag="020" ind1=" " ind2=" ">
   <subfield code="a">082472030X(v.30)</subfield>
  </datafield>
  <datafield tag="020" ind1=" " ind2=" ">
   <subfield code="a">0824720318(v.31)</subfield>
  </datafield>
  <datafield tag="020" ind1=" " ind2=" ">
   <subfield code="a">0824720326(v.32)</subfield>
  </datafield>
  <datafield tag="020" ind1=" " ind2=" ">
   <subfield code="a">0824720334(v.33)</subfield>
  </datafield>
  <datafield tag="020" ind1=" " ind2=" ">
   <subfield code="a">0824720342(v.34)</subfield>
  </datafield>
  <datafield tag="020" ind1=" " ind2=" ">
   <subfield code="a">0824720350(v.35)</subfield>
  </datafield>
  <datafield tag="020" ind1=" " ind2=" ">
   <subfield code="a">0824720369(v.36)</subfield>
  </datafield>
  <datafield tag="035" ind1=" " ind2=" ">
   <subfield code="l">22268</subfield>
  </datafield>
  <datafield tag="040" ind1=" " ind2=" ">
   <subfield code="a">GR-PeUP</subfield>
  </datafield>
  <datafield tag="082" ind1="0" ind2="0">
   <subfield code="a">020.3 EN</subfield>
  </datafield>
  <datafield tag="090" ind1=" " ind2=" ">
   <subfield code="a">R 020.3 EN</subfield>
  </datafield>
  <datafield tag="245" ind1="1" ind2="0">
   <subfield code="a">Encyclopedia of library and information science. /</subfield>
   <subfield code="c">editors: Allen Kent and Harold Lancour. Assistant editor: William Z. Nasri</subfield>
  </datafield>
  <datafield tag="260" ind1=" " ind2=" ">
   <subfield code="a">New York :</subfield>
   <subfield code="b">M. Dekker,</subfield>
   <subfield code="c">1968-</subfield>
  </datafield>
  <datafield tag="300" ind1=" " ind2=" ">
   <subfield code="a">36 v. :</subfield>
   <subfield code="b">ill., facsims. ;</subfield>
   <subfield code="c">27 cm.</subfield>
  </datafield>
  <datafield tag="504" ind1=" " ind2=" ">
   <subfield code="a">Includes bibliographical references</subfield>
  </datafield>
  <datafield tag="650" ind1=" " ind2="4">
   <subfield code="a">Library science</subfield>
   <subfield code="x">Dictionaries.</subfield>
  </datafield>
  <datafield tag="650" ind1=" " ind2="4">
   <subfield code="a">Information Science</subfield>
   <subfield code="x">Encyclopaedia.</subfield>
  </datafield>
  <datafield tag="700" ind1="1" ind2=" ">
   <subfield code="a">Lancour, Harold,</subfield>
   <subfield code="e">ed.</subfield>
  </datafield>
  <datafield tag="700" ind1="1" ind2=" ">
   <subfield code="a">Kent, Allen,</subfield>
   <subfield code="e">ed.</subfield>
  </datafield>
  <datafield tag="700" ind1="1" ind2=" ">
   <subfield code="a">Nasri, William Z.</subfield>
   <subfield code="e">ed.</subfield>
  </datafield>
  <datafield tag="852" ind1=" " ind2=" ">
   <subfield code="a">INST</subfield>
   <subfield code="b">UNIPILB</subfield>
   <subfield code="c">REF</subfield>
   <subfield code="e">20040709</subfield>
   <subfield code="h">020.3 EN</subfield>
   <subfield code="p">00115901</subfield>
   <subfield code="q">00115901</subfield>
   <subfield code="t">NOLOAN</subfield>
   <subfield code="v">v.1:</subfield>
   <subfield code="y">23</subfield>
   <subfield code="z">v.1</subfield>
   <subfield code="4">1</subfield>
  </datafield>
  <datafield tag="852" ind1=" " ind2=" ">
   <subfield code="a">INST</subfield>
   <subfield code="b">UNIPILB</subfield>
   <subfield code="c">REF</subfield>
   <subfield code="e">20040709</subfield>
   <subfield code="h">020.3 EN</subfield>
   <subfield code="p">00115909</subfield>
   <subfield code="q">00115909</subfield>
   <subfield code="t">NOLOAN</subfield>
   <subfield code="v">v.9:</subfield>
   <subfield code="y">23</subfield>
   <subfield code="z">v.9</subfield>
   <subfield code="4">1</subfield>
  </datafield>
  <datafield tag="852" ind1=" " ind2=" ">
   <subfield code="a">INST</subfield>
   <subfield code="b">UNIPILB</subfield>
   <subfield code="c">REF</subfield>
   <subfield code="e">20040709</subfield>
   <subfield code="h">020.3 EN</subfield>
   <subfield code="p">00115910</subfield>
   <subfield code="q">00115910</subfield>
   <subfield code="t">NOLOAN</subfield>
   <subfield code="v">v.10:</subfield>
   <subfield code="y">23</subfield>
   <subfield code="z">v.10</subfield>
   <subfield code="4">1</subfield>
  </datafield>
  <datafield tag="852" ind1=" " ind2=" ">
   <subfield code="a">INST</subfield>
   <subfield code="b">UNIPILB</subfield>
   <subfield code="c">REF</subfield>
   <subfield code="e">20040709</subfield>
   <subfield code="h">020.3 EN</subfield>
   <subfield code="p">00115911</subfield>
   <subfield code="q">00115911</subfield>
   <subfield code="t">NOLOAN</subfield>
   <subfield code="v">v.11:</subfield>
   <subfield code="y">23</subfield>
   <subfield code="z">v.11</subfield>
   <subfield code="4">1</subfield>
  </datafield>
  <datafield tag="852" ind1=" " ind2=" ">
   <subfield code="a">INST</subfield>
   <subfield code="b">UNIPILB</subfield>
   <subfield code="c">REF</subfield>
   <subfield code="e">20040709</subfield>
   <subfield code="h">020.3 EN</subfield>
   <subfield code="p">00115912</subfield>
   <subfield code="q">00115912</subfield>
   <subfield code="t">NOLOAN</subfield>
   <subfield code="v">v.12:</subfield>
   <subfield code="y">23</subfield>
   <subfield code="z">v.12</subfield>
   <subfield code="4">1</subfield>
  </datafield>
  <datafield tag="852" ind1=" " ind2=" ">
   <subfield code="a">INST</subfield>
   <subfield code="b">UNIPILB</subfield>
   <subfield code="c">REF</subfield>
   <subfield code="e">20040709</subfield>
   <subfield code="h">020.3 EN</subfield>
   <subfield code="p">00115913</subfield>
   <subfield code="q">00115913</subfield>
   <subfield code="t">NOLOAN</subfield>
   <subfield code="v">v.13:</subfield>
   <subfield code="y">23</subfield>
   <subfield code="z">v.13</subfield>
   <subfield code="4">1</subfield>
  </datafield>
  <datafield tag="852" ind1=" " ind2=" ">
   <subfield code="a">INST</subfield>
   <subfield code="b">UNIPILB</subfield>
   <subfield code="c">REF</subfield>
   <subfield code="e">20040709</subfield>
   <subfield code="h">020.3 EN</subfield>
   <subfield code="p">00115914</subfield>
   <subfield code="q">00115914</subfield>
   <subfield code="t">NOLOAN</subfield>
   <subfield code="v">v.14:</subfield>
   <subfield code="y">23</subfield>
   <subfield code="z">v.14</subfield>
   <subfield code="4">1</subfield>
  </datafield>
  <datafield tag="852" ind1=" " ind2=" ">
   <subfield code="a">INST</subfield>
   <subfield code="b">UNIPILB</subfield>
   <subfield code="c">REF</subfield>
   <subfield code="e">20040709</subfield>
   <subfield code="h">020.3 EN</subfield>
   <subfield code="p">00115915</subfield>
   <subfield code="q">00115915</subfield>
   <subfield code="t">NOLOAN</subfield>
   <subfield code="v">v.15:</subfield>
   <subfield code="y">23</subfield>
   <subfield code="z">v.15</subfield>
   <subfield code="4">1</subfield>
  </datafield>
  <datafield tag="852" ind1=" " ind2=" ">
   <subfield code="a">INST</subfield>
   <subfield code="b">UNIPILB</subfield>
   <subfield code="c">REF</subfield>
   <subfield code="e">20040709</subfield>
   <subfield code="h">020.3 EN</subfield>
   <subfield code="p">00115916</subfield>
   <subfield code="q">00115916</subfield>
   <subfield code="t">NOLOAN</subfield>
   <subfield code="v">v.16:</subfield>
   <subfield code="y">23</subfield>
   <subfield code="z">v.16</subfield>
   <subfield code="4">1</subfield>
  </datafield>
  <datafield tag="852" ind1=" " ind2=" ">
   <subfield code="a">INST</subfield>
   <subfield code="b">UNIPILB</subfield>
   <subfield code="c">REF</subfield>
   <subfield code="e">20040709</subfield>
   <subfield code="h">020.3 EN</subfield>
   <subfield code="p">00115917</subfield>
   <subfield code="q">00115917</subfield>
   <subfield code="t">NOLOAN</subfield>
   <subfield code="v">v.17:</subfield>
   <subfield code="y">23</subfield>
   <subfield code="z">v.17</subfield>
   <subfield code="4">1</subfield>
  </datafield>
  <datafield tag="852" ind1=" " ind2=" ">
   <subfield code="a">INST</subfield>
   <subfield code="b">UNIPILB</subfield>
   <subfield code="c">REF</subfield>
   <subfield code="e">20040709</subfield>
   <subfield code="h">020.3 EN</subfield>
   <subfield code="p">00115918</subfield>
   <subfield code="q">00115918</subfield>
   <subfield code="t">NOLOAN</subfield>
   <subfield code="v">v.18:</subfield>
   <subfield code="y">23</subfield>
   <subfield code="z">v.18</subfield>
   <subfield code="4">1</subfield>
  </datafield>
  <datafield tag="852" ind1=" " ind2=" ">
   <subfield code="a">INST</subfield>
   <subfield code="b">UNIPILB</subfield>
   <subfield code="c">REF</subfield>
   <subfield code="e">20040709</subfield>
   <subfield code="h">020.3 EN</subfield>
   <subfield code="p">00115919</subfield>
   <subfield code="q">00115919</subfield>
   <subfield code="t">NOLOAN</subfield>
   <subfield code="v">v.19:</subfield>
   <subfield code="y">23</subfield>
   <subfield code="z">v.19</subfield>
   <subfield code="4">1</subfield>
  </datafield>
  <datafield tag="852" ind1=" " ind2=" ">
   <subfield code="a">INST</subfield>
   <subfield code="b">UNIPILB</subfield>
   <subfield code="c">REF</subfield>
   <subfield code="e">20040709</subfield>
   <subfield code="h">020.3 EN</subfield>
   <subfield code="p">00115920</subfield>
   <subfield code="q">00115920</subfield>
   <subfield code="t">NOLOAN</subfield>
   <subfield code="v">v.20:</subfield>
   <subfield code="y">23</subfield>
   <subfield code="z">v.20</subfield>
   <subfield code="4">1</subfield>
  </datafield>
  <datafield tag="852" ind1=" " ind2=" ">
   <subfield code="a">INST</subfield>
   <subfield code="b">UNIPILB</subfield>
   <subfield code="c">REF</subfield>
   <subfield code="e">20040709</subfield>
   <subfield code="h">020.3 EN</subfield>
   <subfield code="p">00115921</subfield>
   <subfield code="q">00115921</subfield>
   <subfield code="t">NOLOAN</subfield>
   <subfield code="v">v.21:</subfield>
   <subfield code="y">23</subfield>
   <subfield code="z">v.21</subfield>
   <subfield code="4">1</subfield>
  </datafield>
  <datafield tag="852" ind1=" " ind2=" ">
   <subfield code="a">INST</subfield>
   <subfield code="b">UNIPILB</subfield>
   <subfield code="c">REF</subfield>
   <subfield code="e">20040709</subfield>
   <subfield code="h">020.3 EN</subfield>
   <subfield code="p">00115922</subfield>
   <subfield code="q">00115922</subfield>
   <subfield code="t">NOLOAN</subfield>
   <subfield code="v">v.22:</subfield>
   <subfield code="y">23</subfield>
   <subfield code="z">v.22</subfield>
   <subfield code="4">1</subfield>
  </datafield>
  <datafield tag="852" ind1=" " ind2=" ">
   <subfield code="a">INST</subfield>
   <subfield code="b">UNIPILB</subfield>
   <subfield code="c">REF</subfield>
   <subfield code="e">20040709</subfield>
   <subfield code="h">020.3 EN</subfield>
   <subfield code="p">00115923</subfield>
   <subfield code="q">00115923</subfield>
   <subfield code="t">NOLOAN</subfield>
   <subfield code="v">v.23:</subfield>
   <subfield code="y">23</subfield>
   <subfield code="z">v.23</subfield>
   <subfield code="4">1</subfield>
  </datafield>
  <datafield tag="852" ind1=" " ind2=" ">
   <subfield code="a">INST</subfield>
   <subfield code="b">UNIPILB</subfield>
   <subfield code="c">REF</subfield>
   <subfield code="e">20040709</subfield>
   <subfield code="h">020.3 EN</subfield>
   <subfield code="p">00115924</subfield>
   <subfield code="q">00115924</subfield>
   <subfield code="t">NOLOAN</subfield>
   <subfield code="v">v.24:</subfield>
   <subfield code="y">23</subfield>
   <subfield code="z">v.24</subfield>
   <subfield code="4">1</subfield>
  </datafield>
  <datafield tag="852" ind1=" " ind2=" ">
   <subfield code="a">INST</subfield>
   <subfield code="b">UNIPILB</subfield>
   <subfield code="c">REF</subfield>
   <subfield code="e">20040709</subfield>
   <subfield code="h">020.3 EN</subfield>
   <subfield code="p">00115925</subfield>
   <subfield code="q">00115925</subfield>
   <subfield code="t">NOLOAN</subfield>
   <subfield code="v">v.25:</subfield>
   <subfield code="y">23</subfield>
   <subfield code="z">v.25</subfield>
   <subfield code="4">1</subfield>
  </datafield>
  <datafield tag="852" ind1=" " ind2=" ">
   <subfield code="a">INST</subfield>
   <subfield code="b">UNIPILB</subfield>
   <subfield code="c">REF</subfield>
   <subfield code="e">20040709</subfield>
   <subfield code="h">020.3 EN</subfield>
   <subfield code="p">00115926</subfield>
   <subfield code="q">00115926</subfield>
   <subfield code="t">NOLOAN</subfield>
   <subfield code="v">v.26:</subfield>
   <subfield code="y">23</subfield>
   <subfield code="z">v.26</subfield>
   <subfield code="4">1</subfield>
  </datafield>
  <datafield tag="852" ind1=" " ind2=" ">
   <subfield code="a">INST</subfield>
   <subfield code="b">UNIPILB</subfield>
   <subfield code="c">REF</subfield>
   <subfield code="e">20040709</subfield>
   <subfield code="h">020.3 EN</subfield>
   <subfield code="p">00115927</subfield>
   <subfield code="q">00115927</subfield>
   <subfield code="t">NOLOAN</subfield>
   <subfield code="v">v.27:</subfield>
   <subfield code="y">23</subfield>
   <subfield code="z">v.27</subfield>
   <subfield code="4">1</subfield>
  </datafield>
  <datafield tag="852" ind1=" " ind2=" ">
   <subfield code="a">INST</subfield>
   <subfield code="b">UNIPILB</subfield>
   <subfield code="c">REF</subfield>
   <subfield code="e">20040709</subfield>
   <subfield code="h">020.3 EN</subfield>
   <subfield code="p">00115928</subfield>
   <subfield code="q">00115928</subfield>
   <subfield code="t">NOLOAN</subfield>
   <subfield code="v">v.28:</subfield>
   <subfield code="y">23</subfield>
   <subfield code="z">v.28</subfield>
   <subfield code="4">1</subfield>
  </datafield>
  <datafield tag="852" ind1=" " ind2=" ">
   <subfield code="a">INST</subfield>
   <subfield code="b">UNIPILB</subfield>
   <subfield code="c">REF</subfield>
   <subfield code="e">20040709</subfield>
   <subfield code="h">020.3 EN</subfield>
   <subfield code="p">00115929</subfield>
   <subfield code="q">00115929</subfield>
   <subfield code="t">NOLOAN</subfield>
   <subfield code="v">v.29:</subfield>
   <subfield code="y">23</subfield>
   <subfield code="z">v.29</subfield>
   <subfield code="4">1</subfield>
  </datafield>
  <datafield tag="852" ind1=" " ind2=" ">
   <subfield code="a">INST</subfield>
   <subfield code="b">UNIPILB</subfield>
   <subfield code="c">REF</subfield>
   <subfield code="e">20040709</subfield>
   <subfield code="h">020.3 EN</subfield>
   <subfield code="p">00115930</subfield>
   <subfield code="q">00115930</subfield>
   <subfield code="t">NOLOAN</subfield>
   <subfield code="v">v.30:</subfield>
   <subfield code="y">23</subfield>
   <subfield code="z">v.30</subfield>
   <subfield code="4">1</subfield>
  </datafield>
  <datafield tag="852" ind1=" " ind2=" ">
   <subfield code="a">INST</subfield>
   <subfield code="b">UNIPILB</subfield>
   <subfield code="c">REF</subfield>
   <subfield code="e">20040709</subfield>
   <subfield code="h">020.3 EN</subfield>
   <subfield code="p">00115931</subfield>
   <subfield code="q">00115931</subfield>
   <subfield code="t">NOLOAN</subfield>
   <subfield code="v">v.31:</subfield>
   <subfield code="y">23</subfield>
   <subfield code="z">v.31</subfield>
   <subfield code="4">1</subfield>
  </datafield>
  <datafield tag="852" ind1=" " ind2=" ">
   <subfield code="a">INST</subfield>
   <subfield code="b">UNIPILB</subfield>
   <subfield code="c">REF</subfield>
   <subfield code="e">20040709</subfield>
   <subfield code="h">020.3 EN</subfield>
   <subfield code="p">00115932</subfield>
   <subfield code="q">00115932</subfield>
   <subfield code="t">NOLOAN</subfield>
   <subfield code="v">v.32:</subfield>
   <subfield code="y">23</subfield>
   <subfield code="z">v.32</subfield>
   <subfield code="4">1</subfield>
  </datafield>
  <datafield tag="852" ind1=" " ind2=" ">
   <subfield code="a">INST</subfield>
   <subfield code="b">UNIPILB</subfield>
   <subfield code="c">REF</subfield>
   <subfield code="e">20110826</subfield>
   <subfield code="h">020.3 EN</subfield>
   <subfield code="p">00115933</subfield>
   <subfield code="q">00115933</subfield>
   <subfield code="t">NOLOAN</subfield>
   <subfield code="v">v.29:</subfield>
   <subfield code="y">23</subfield>
   <subfield code="z">v.29</subfield>
   <subfield code="4">1</subfield>
  </datafield>
  <datafield tag="852" ind1=" " ind2=" ">
   <subfield code="a">INST</subfield>
   <subfield code="b">UNIPILB</subfield>
   <subfield code="c">REF</subfield>
   <subfield code="e">20040709</subfield>
   <subfield code="h">020.3 EN</subfield>
   <subfield code="p">00115934</subfield>
   <subfield code="q">00115934</subfield>
   <subfield code="t">NOLOAN</subfield>
   <subfield code="v">v.34:</subfield>
   <subfield code="y">23</subfield>
   <subfield code="z">v.34</subfield>
   <subfield code="4">1</subfield>
  </datafield>
  <datafield tag="852" ind1=" " ind2=" ">
   <subfield code="a">INST</subfield>
   <subfield code="b">UNIPILB</subfield>
   <subfield code="c">REF</subfield>
   <subfield code="e">20040709</subfield>
   <subfield code="h">020.3 EN</subfield>
   <subfield code="p">00115935</subfield>
   <subfield code="q">00115935</subfield>
   <subfield code="t">NOLOAN</subfield>
   <subfield code="v">v.35:</subfield>
   <subfield code="y">23</subfield>
   <subfield code="z">v.35</subfield>
   <subfield code="4">1</subfield>
  </datafield>
  <datafield tag="852" ind1=" " ind2=" ">
   <subfield code="a">INST</subfield>
   <subfield code="b">UNIPILB</subfield>
   <subfield code="c">REF</subfield>
   <subfield code="e">20040709</subfield>
   <subfield code="h">020.3 EN</subfield>
   <subfield code="p">00115936</subfield>
   <subfield code="q">00115936</subfield>
   <subfield code="t">NOLOAN</subfield>
   <subfield code="v">v.36:</subfield>
   <subfield code="y">23</subfield>
   <subfield code="z">v.36</subfield>
   <subfield code="4">1</subfield>
  </datafield>
  <datafield tag="856" ind1="4" ind2=" ">
   <subfield code="d">/webopac/covers/01/22268_0824721098.jpg</subfield>
   <subfield code="z">(v.9)</subfield>
  </datafield>
  <datafield tag="856" ind1="4" ind2=" ">
   <subfield code="d">/webopac/covers/01/22268_0824721101.jpg</subfield>
   <subfield code="z">(v.10)</subfield>
  </datafield>
  <datafield tag="856" ind1="4" ind2=" ">
   <subfield code="d">/webopac/covers/01/22268_0824720113.jpg</subfield>
   <subfield code="z">(v.11)</subfield>
  </datafield>
  <datafield tag="856" ind1="4" ind2=" ">
   <subfield code="d">/webopac/covers/01/22268_0824720121.jpg</subfield>
   <subfield code="z">(v.12)</subfield>
  </datafield>
  <datafield tag="856" ind1="4" ind2=" ">
   <subfield code="d">/webopac/covers/01/22268_082472013X.jpg</subfield>
   <subfield code="z">(v.13)</subfield>
  </datafield>
  <datafield tag="856" ind1="4" ind2=" ">
   <subfield code="d">/webopac/covers/01/22268_0824720164.jpg</subfield>
   <subfield code="z">(v.16)</subfield>
  </datafield>
  <datafield tag="856" ind1="4" ind2=" ">
   <subfield code="d">/webopac/covers/01/22268_0824720172.jpg</subfield>
   <subfield code="z">(v.17)</subfield>
  </datafield>
  <datafield tag="856" ind1="4" ind2=" ">
   <subfield code="d">/webopac/covers/01/22268_0824720202.jpg</subfield>
   <subfield code="z">(v.20)</subfield>
  </datafield>
  <datafield tag="856" ind1="4" ind2=" ">
   <subfield code="d">/webopac/covers/01/22268_0824720229.jpg</subfield>
   <subfield code="z">(v.22)</subfield>
  </datafield>
  <datafield tag="856" ind1="4" ind2=" ">
   <subfield code="d">/webopac/covers/01/22268_0824720237.jpg</subfield>
   <subfield code="z">(v.23)</subfield>
  </datafield>
  <datafield tag="856" ind1="4" ind2=" ">
   <subfield code="d">/webopac/covers/01/22268_0824720253.jpg</subfield>
   <subfield code="z">(v.25)</subfield>
  </datafield>
  <datafield tag="856" ind1="4" ind2=" ">
   <subfield code="d">/webopac/covers/01/22268_0824720261.jpg</subfield>
   <subfield code="z">(v.26)</subfield>
  </datafield>
  <datafield tag="856" ind1="4" ind2=" ">
   <subfield code="d">/webopac/covers/01/22268_0824720296.jpg</subfield>
   <subfield code="z">(v.29)</subfield>
  </datafield>
  <datafield tag="856" ind1="4" ind2=" ">
   <subfield code="d">/webopac/covers/01/22268_082472030X.jpg</subfield>
   <subfield code="z">(v.30)</subfield>
  </datafield>
  <datafield tag="856" ind1="4" ind2=" ">
   <subfield code="d">/webopac/covers/01/22268_0824720326.jpg</subfield>
   <subfield code="z">(v.32)</subfield>
  </datafield>
  <datafield tag="856" ind1="4" ind2=" ">
   <subfield code="d">/webopac/covers/01/22268_0824720334.jpg</subfield>
   <subfield code="z">(v.33)</subfield>
  </datafield>
  <datafield tag="856" ind1="4" ind2=" ">
   <subfield code="d">/webopac/covers/01/22268_0824720342.jpg</subfield>
   <subfield code="z">(v.34)</subfield>
  </datafield>
  <datafield tag="856" ind1="4" ind2=" ">
   <subfield code="d">/webopac/covers/01/22268_0824720350.jpg</subfield>
   <subfield code="z">(v.35)</subfield>
  </datafield>
 </record>
</collection>
